Statistics for Capitals of UN Member States with Over 1,000,000 People

Click here to take the quiz!

General Stats

  • This quiz has been taken 56 times
  • The average score is 42 of 91

Answer Stats

Rank by Population (2022)Capital City% Correct
1Beijing
84%
9London
79%
26Madrid
79%
50Paris
79%
25Berlin
74%
4Moscow
71%
35Rome
71%
2Tokyo
68%
8Mexico City
66%
88Ottawa
66%
40Brasília
63%
31Kiev
63%
13Bangkok
61%
17Bogotá
61%
60Budapest
61%
6Cairo
61%
7Seoul
61%
70Sofia
61%
62Belgrade
58%
49Bucharest
58%
89Islamabad
58%
5Jakarta
58%
16Riyadh
58%
58Warsaw
58%
19Ankara
55%
11Lima
55%
54Minsk
55%
72Prague
55%
18Santiago
55%
32Buenos Aires
53%
59Kuala Lumpur
53%
12Tehran
53%
55Vienna
53%
48Caracas
50%
53Damascus
50%
14Hanoi
50%
56Manila
50%
20Singapore
50%
91Abu Dhabi
47%
44Accra
47%
24Algiers
47%
3Kinshasa
47%
42Luanda
47%
22Nairobi
47%
36Quito
47%
75Abuja
45%
23Amman
45%
67Dakar
45%
21Kabul
45%
39Khartoum
45%
15Baghdad
42%
10Dhaka
42%
78Doha
42%
29Guatemala City
42%
51Havana
42%
38Lusaka
42%
69Montevideo
42%
30Pretoria
42%
83Santo Domingo
42%
79Tripoli
42%
46Baku
39%
71Muscat
39%
33Pyongyang
39%
34Tashkent
39%
28Kuwait City
37%
45Mogadishu
37%
73Antananarivo
34%
52Harare
34%
82Maputo
34%
68Niamey
34%
74Nur-Sultan
34%
37Yaoundé
34%
47Phnom Penh
32%
41Sana'a
32%
57Bamako
29%
61Brazzaville
29%
63Kampala
29%
84Yerevan
29%
81Kigali
26%
76Tbilisi
26%
27Addis Ababa
24%
85Bishkek
24%
86Freetown
24%
87Managua
24%
90Monrovia
24%
80Naypyidaw
24%
64Conakry
21%
66Tegucigalpa
21%
77Nouakchott
8%
43Ouagadougou
8%
65Ulaanbaatar
8%

Score Distribution

Percentile by Number Answered

Percent of People with Each Score

Your Score History

You have not taken this quiz